书目信息 |
| 题名: |
犯罪心理学
|
|
| 作者: | 巴特尔 著 ;杨波 , 李林 译 | |
| 分册: | ||
| 出版信息: | 北京 中国轻工业出版社 2015.08 |
|
| 页数: | 427页 | |
| 开本: | 20cm | |
| 丛书名: | ||
| 单 册: | ||
| 中图分类: | D917.2 | |
| 科图分类: | ||
| 主题词: | 法学--部门 | |
| 电子资源: | ||
| ISBN: | 978-7-5019-6794-0 | |
| 000 | 00715nam0 2200229 450 | |
| 001 | 2236165171 | |
| 005 | 20220609100906.41 | |
| 010 | @a978-7-5019-6794-0@dCNY50.00 | |
| 100 | @a20220609d2015 km y0chiy0120 ea | |
| 101 | 0 | @achi |
| 102 | @aCN@b110000 | |
| 200 | 1 | @a犯罪心理学@AFan Zui Xin Li Xue@f(美)巴特尔(Bartol,C.R)等著;杨波,李林等译@F(Mei)Ba Te Er(Bartol,C.R)Deng Zhu;Yang Bo,Li Lin Deng Yi |
| 205 | @a7版 | |
| 210 | @a北京@c中国轻工业出版社@d2015.08 | |
| 215 | @a427页@d20cm | |
| 606 | 0 | @a法学@x部门 |
| 690 | @aD917.2@v4 | |
| 701 | 0 | @a巴特尔@ABa Te Er@bBartol,C.R@4著 |
| 702 | 0 | @a杨波@AYang Bo@4译 |
| 702 | 0 | @a李林@ALi Lin@4译 |
| 801 | 0 | @aCN@b河南城建学院图书馆@c20220609 |
| 905 | @dD917.2@eB060=7 | |
| 犯罪心理学/(美)巴特尔(Bartol,C.R)等著;杨波,李林等译.-7版.-北京:中国轻工业出版社,2015.08 |
| 427页;20cm |
| ISBN 978-7-5019-6794-0:CNY50.00 |
| ● |
| 相关链接 |
|
|
|
正题名:犯罪心理学
索取号:D917.2/B060=7
 
预约/预借
| 序号 | 登录号 | 条形码 | 馆藏地/架位号 | 状态 | 备注 |
| 1 | 1503449 | 215034497 | 社科库509/509社科库 82排6列3层/ [索取号:D917.2/B060=7] | 在馆 |